| 000 | 00422nab a2200145Ia 4500 | ||
|---|---|---|---|
| 003 | ES-SlBCS | ||
| 005 | 20210601131735.0 | ||
| 008 | 140529s1954 xxu||||| |||| 00| 0 fre d | ||
| 041 | _afre | ||
| 100 | 1 |
_aMoody, J. N. _9188460 |
|
| 245 | 0 | 0 |
_aMcCarthy contre l'armée américaine _c J. N. Moody |
| 650 | 0 | 4 |
_aEjército Americano _9188461 |
| 773 | 0 |
_tVie Intelectuelle (La) _gnº. 6, 1954, págs. 95-99 _wRev907 |
|
| 942 | _cAR | ||
| 999 |
_c567981 _d567981 |
||